[Event "Cala d'Or 2nd"]
[Site "Santanyi"]
[Date "2004.09.17"]
[Round "7"]
[White "Kalinitschew, Sergey"]
[Black "Dovramadjiev, Tihomir"]
[Result "1-0"]
[WhiteElo "2517"]
[BlackElo "2331"]
[PlyCount "65"]
[EventDate "2004.09.13"]
[EventType "tourn"]
[EventRounds "9"]
[EventCountry "ESP"]
[EventCategory "5"]
[SourceTitle "CBM 102 Extra"]
[Source "ChessBase"]
[SourceDate "2004.11.03"]
[SourceVersion "1"]
[SourceVersionDate "2004.11.03"]
[SourceQuality "1"]

1. d4 d5 2. c4 e6 3. Nf3 c6 4. e3 Nf6 5. Bd3 Nbd7 6. 0-0 Bd6 7. Nc3 0-0 8. e4 dxe4 9. Nxe4 Nxe4 10. Bxe4 Nf6 11. Bc2 c5 12. Bg5 h6 13. Bh4 cxd4 14. Qxd4 Be7 15. Rfd1 Qxd4 16. Rxd4 b6 17. Ne5 g5 18. Bg3 Bb7 19. Nd7 Rfd8 20. Rad1 Bc6 21. Nxf6+ Bxf6 22. Rxd8+ Rxd8 23. Rxd8+ Bxd8 24. Bd6 h5 25. f3 Bf6 26. b4 h4 27. Be4 Bd4+ 28. Kf1 Bxe4 29. fxe4 f5 30. exf5 exf5 31. b5 Kf7 32. Bb8 Ke6 33. a4 1-0

[Event "Cala d'Or 2nd"]
[Site "Santanyi"]
[Date "2004.09.16"]
[Round "5"]
[White "Tripolsky, Eugene"]
[Black "Dovramadjiev, Tihomir"]
[Result "1/2-1/2"]
[WhiteElo "2434"]
[BlackElo "2331"]
[PlyCount "24"]
[EventDate "2004.09.13"]
[EventType "tourn"]
[EventRounds "9"]
[EventCountry "ESP"]
[EventCategory "5"]
[SourceTitle "CBM 102 Extra"]
[Source "ChessBase"]
[SourceDate "2004.11.03"]
[SourceVersion "1"]
[SourceVersionDate "2004.11.03"]
[SourceQuality "1"]

1. d4 d5 2. Nf3 e6 3. Bf4 Nf6 4. e3 Nbd7 5. Bd3 Be7 6. h3 c5 7. 0-0 a6 8. c3 b5 9. Nbd2 Bb7 10. Re1 0-0 11. Ne5 Nxe5 12. Bxe5 Nd7 1/2-1/2

[Event "Cala d'Or 2nd"]
[Site "Santanyi"]
[Date "2004.09.15"]
[Round "3"]
[White "Thiede, Lars"]
[Black "Dovramadjiev, Tihomir"]
[Result "0-1"]
[WhiteElo "2442"]
[BlackElo "2331"]
[PlyCount "79"]
[EventDate "2004.09.13"]
[EventType "tourn"]
[EventRounds "9"]
[EventCountry "ESP"]
[EventCategory "5"]
[SourceTitle "CBM 102 Extra"]
[Source "ChessBase"]
[SourceDate "2004.11.03"]
[SourceVersion "1"]
[SourceVersionDate "2004.11.03"]
[SourceQuality "1"]

1. g3 d5 2. Bg2 c6 3. Nf3 Nf6 4. b3 g6 5. Bb2 Bg7 6. 0-0 0-0 7. d3 Bg4 8. h3 Bxf3 9. Bxf3 Nbd7 10. c4 e6 11. Qc2 Rc8 12. Nd2 Qe7 13. Rab1 Rfd8 14. Rfc1 Ne8 15. b4 Bxb2 16. Qxb2 Qf6 17. Qb3 Ne5 18. Bg2 dxc4 19. Nxc4 Nxc4 20. Rxc4 a6 21. a4 Nc7 22. Rbc1 Rb8 23. Bf3 Rd7 24. h4 Rbd8 25. Kg2 Rd4 26. h5 Rxc4 27. Rxc4 g5 28. Qb1 h6 29. Qc1 Kg7 30. Qe3 Nd5 31. Qa7 Qe7 32. Bxd5 Rxd5 33. Rxc6 Qxb4 34. Rc8 Qb2 35. e4 Rxd3 36. Qc5 Kh7 37. Qe7 Qg7 38. Qxb7 g4 39. Qxa6 Rd1 40. Qb7 0-1

[Event "Canarias en Red final"]
[Site "Playchess.com INT"]
[Date "2004.05.09"]
[Round "3"]
[White "Dovramadjiev, Tihomir"]
[Black "Fernandez Manrique, Agustin"]
[Result "1-0"]
[WhiteElo "2331"]
[BlackElo "2119"]
[PlyCount "75"]
[EventDate "2004.05.09"]
[EventType "swiss (blitz)"]
[EventRounds "13"]
[EventCountry "GER"]
[SourceTitle "EXT 2005"]
[Source "ChessBase"]
[SourceDate "2004.11.15"]
[SourceVersion "1"]
[SourceVersionDate "2004.11.15"]
[SourceQuality "1"]

1. c4 Nf6 2. g3 g6 3. Bg2 Bg7 4. Nc3 0-0 5. Nf3 d6 6. 0-0 c6 7. d4 Qb6 8. b3 Qa5 9. Bb2 Qh5 10. Qd2 Bh3 11. Qg5 Qxg5 12. Nxg5 Bxg2 13. Kxg2 Nbd7 14. Rad1 Rfe8 15. Rfe1 Rad8 16. e4 e5 17. Nf3 exd4 18. Nxd4 Nc5 19. f3 a5 20. Ba3 Nfd7 21. Nde2 Ne5 22. Rd2 Bf8 23. Red1 g5 24. Nd4 h6 25. h3 Kh7 26. Nf5 Ned3 27. Rxd3 Nxd3 28. Rxd3 d5 29. Bxf8 Rxf8 30. cxd5 cxd5 31. exd5 Rfe8 32. d6 Kg6 33. g4 h5 34. Ne4 Re6 35. Rd2 h4 36. Nc5 Re1 37. Nxb7 Rc8 38. Ne7+ 1-0

[Event "Canarias en Red final"]
[Site "Playchess.com INT"]
[Date "2004.05.09"]
[Round "8"]
[White "Perez, Jose"]
[Black "Dovramadjiev, Tihomir"]
[Result "1/2-1/2"]
[WhiteElo "2203"]
[BlackElo "2331"]
[PlyCount "171"]
[EventDate "2004.05.09"]
[EventType "swiss (blitz)"]
[EventRounds "13"]
[EventCountry "GER"]
[SourceTitle "EXT 2005"]
[Source "ChessBase"]
[SourceDate "2004.11.15"]
[SourceVersion "1"]
[SourceVersionDate "2004.11.15"]
[SourceQuality "1"]

1. d4 Nf6 2. c4 g6 3. Nc3 d5 4. cxd5 Nxd5 5. e4 Nxc3 6. bxc3 Bg7 7. Bc4 c5 8. Ne2 0-0 9. Be3 cxd4 10. cxd4 Nc6 11. Rc1 Na5 12. Bd3 b6 13. h4 Bb7 14. h5 Nc6 15. hxg6 hxg6 16. Bc4 Rc8 17. f3 e6 18. Kf1 Qd7 19. Qd2 Rfd8 20. Bh6 Bxd4 21. Nxd4 Qxd4 22. Qf4 Ne5 23. Qh4 Nxc4 24. Bg5 Nd2+ 25. Bxd2 Rxc1+ 26. Bxc1 Ba6+ 27. Ke1 Rc8 28. Qh7+ Kf8 29. Qh8+ Qxh8 30. Rxh8+ Ke7 31. Rxc8 Bxc8 32. Bg5+ Kd7 33. Bf6 Kc6 34. Kd2 Kb5 35. Kc3 Ka4 36. Kb2 Ba6 37. g3 Bb7 38. Bd4 Kb4 39. Bc3+ Kc4 40. Kc2 Bc6 41. a3 Kb5 42. Kb2 g5 43. Be5 g4 44. fxg4 Bxe4 45. g5 Kc4 46. Bf6 Kd3 47. Kb3 Bd5+ 48. Kb4 e5 49. Bxe5 Be6 50. Bf4 Kd4 51. Kb5 Bc4+ 52. Kc6 Kc3 53. Kb7 Kb3 54. Bd6 a5 55. Kxb6 a4 56. Ka5 Be6 57. Bc5 Bf5 58. Bb4 Bc2 59. Be7 Kc4 60. Bf8 Kd5 61. Be7 Ke4 62. Bb4 Kf3 63. Bd6 Kg4 64. Bf4 Kf5 65. Kb4 Bb3 66. Kc5 Kg6 67. Kd6 Kf5 68. Ke7 Kg6 69. Be3 Kf5 70. Kd6 Ke4 71. Bf4 Kd4 72. Kc6 Kc3 73. Bd6 Kd4 74. Kd7 Ke4 75. Ke7 Kf5 76. Kf8 Kg6 77. Bf4 f6 78. gxf6 Kxf6 79. Ke8 Kf5 80. Ke7 Kg4 81. Kf6 Bd1 82. Ke5 Bb3 83. Kd4 Bd1 84. Ke5 Bb3 85. Kd4 Bd1 86. Ke5 1/2-1/2

[Event "Canarias en Red prel 2nd"]
[Site "Playchess.com INT"]
[Date "2004.05.04"]
[Round "7"]
[White "Dovramadjiev, Tihomir"]
[Black "Gustafsson, Jan"]
[Result "0-1"]
[WhiteElo "2331"]
[BlackElo "2572"]
[PlyCount "90"]
[EventDate "2004.05.04"]
[EventType "swiss (blitz)"]
[EventRounds "13"]
[EventCountry "GER"]
[SourceTitle "EXT 2005"]
[Source "ChessBase"]
[SourceDate "2004.11.15"]
[SourceVersion "1"]
[SourceVersionDate "2004.11.15"]
[SourceQuality "1"]

1. c4 c6 2. Nf3 d5 3. e3 Nf6 4. Nc3 a6 5. b3 Bg4 6. Bb2 e6 7. Be2 Nbd7 8. 0-0 Bd6 9. d4 0-0 10. Nh4 Bxe2 11. Qxe2 Ne4 12. Nf3 f5 13. Nd2 Qh4 14. g3 Qh3 15. f3 Nxd2 16. Qxd2 Rae8 17. Qg2 Qh6 18. Rae1 Nf6 19. e4 fxe4 20. fxe4 Bb4 21. cxd5 cxd5 22. exd5 Bxc3 23. Bxc3 exd5 24. Bd2 Qg6 25. Bf4 Rxe1 26. Rxe1 Ne4 27. Be5 Rf2 28. Qh3 h6 29. Rf1 Qf7 30. Bf4 Rxf1+ 31. Qxf1 Kh7 32. Qe2 Qf5 33. Be5 Ng5 34. Kg2 Qh3+ 35. Kg1 Qf5 36. Kg2 Qb1 37. h4 Ne4 38. h5 Qc1 39. Bf4 Qc8 40. Be5 Qf5 41. Qf3 Qg5 42. g4 Qd2+ 43. Kh3 Ng5+ 44. Kg3 Nxf3 45. Kxf3 Qxa2 0-1

[Event "Canarias en Red prel 2nd"]
[Site "Playchess.com INT"]
[Date "2004.05.04"]
[Round "6"]
[White "Dovramadjiev, Tihomir"]
[Black "Nakamura, Hikaru"]
[Result "1/2-1/2"]
[WhiteElo "2331"]
[BlackElo "2571"]
[PlyCount "147"]
[EventDate "2004.05.04"]
[EventType "swiss (blitz)"]
[EventRounds "13"]
[EventCountry "GER"]
[SourceTitle "EXT 2005"]
[Source "ChessBase"]
[SourceDate "2004.11.15"]
[SourceVersion "1"]
[SourceVersionDate "2004.11.15"]
[SourceQuality "1"]

1. c4 Nf6 2. g3 g6 3. Bg2 Bg7 4. Nc3 0-0 5. d3 d6 6. e3 e5 7. Nge2 Nc6 8. 0-0 Be6 9. Nd5 Qd7 10. Rb1 a5 11. a3 Bh3 12. Nec3 Bxg2 13. Kxg2 Ne7 14. Nxf6+ Bxf6 15. Nd5 Bg7 16. Nxe7+ Qxe7 17. e4 f5 18. f3 Kh8 19. Bd2 a4 20. Bc3 b6 21. Qd2 Rf7 22. Rbe1 Raf8 23. f4 fxe4 24. Rxe4 Qd7 25. d4 d5 26. Rxe5 Bxe5 27. dxe5 d4 28. Qxd4 Qxd4 29. Bxd4 Rd7 30. Bc3 Kg8 31. g4 Rdf7 32. Kg3 h5 33. h3 h4+ 34. Kxh4 Rxf4 35. Rxf4 Rxf4 36. Kg5 Rf3 37. Kxg6 Rxh3 38. e6 Re3 39. Kf5 Kf8 40. Bf6 Rf3+ 41. Kg6 Rf4 42. g5 Rxc4 43. e7+ Ke8 44. Kg7 Rh4 45. g6 Rh5 46. Kg8 c5 47. g7 b5 48. Bc3 Kxe7 49. Bd2 Ke8 50. Ba5 Rh4 51. Bc3 b4 52. axb4 cxb4 53. Bf6 Rh3 54. Bd4 Ke7 55. Be5 Ke6 56. Bd4 Kd5 57. Kf8 Rf3+ 58. Ke8 Rg3 59. Bf6 Ke6 60. Bd4 Kd5 61. Bf6 Ke6 62. Bd4 Rg4 63. Kf8 Rf4+ 64. Ke8 Rg4 65. Kf8 Kd5 66. Bf6 Kc4 67. g8Q+ Rxg8+ 68. Kxg8 Kb3 69. Kf7 Kc2 70. Ke6 a3 71. bxa3 bxa3 72. Kd5 a2 73. Kc4 a1Q 74. Bxa1 1/2-1/2

[Event "Canarias en Red prel 2nd"]
[Site "Playchess.com INT"]
[Date "2004.05.04"]
[Round "11"]
[White "Rodshtein, Maxim"]
[Black "Dovramadjiev, Tihomir"]
[Result "1-0"]
[WhiteElo "2357"]
[BlackElo "2331"]
[PlyCount "63"]
[EventDate "2004.05.04"]
[EventType "swiss (blitz)"]
[EventRounds "13"]
[EventCountry "GER"]
[SourceTitle "EXT 2005"]
[Source "ChessBase"]
[SourceDate "2004.11.15"]
[SourceVersion "1"]
[SourceVersionDate "2004.11.15"]
[SourceQuality "1"]

1. d4 Nf6 2. c4 g6 3. f3 d5 4. cxd5 Nxd5 5. e4 Nb6 6. Nc3 Bg7 7. Be3 0-0 8. Qd2 c6 9. h4 e5 10. d5 cxd5 11. exd5 h5 12. g4 hxg4 13. h5 f5 14. hxg6 Qf6 15. fxg4 f4 16. Bxb6 axb6 17. Bc4 Qxg6 18. 0-0-0 Bxg4 19. Nge2 Nd7 20. Rdg1 Rac8 21. Bb3 Nc5 22. Bc2 e4 23. Nxf4 Qg5 24. Ne6 Qxd2+ 25. Kxd2 Nxe6 26. Rxg4 Rf2+ 27. Kd1 Nd4 28. Rhg1 Nxc2 29. Rxg7+ Kh8 30. R7g3 Rh2 31. Nxe4 Nd4 32. Nf6 1-0